000
00334 a2200169 4500
001
175295
020
_a
85-7056-839-8
040
_c
Magnum
100
_a
Valim, Ana
240
1
0
_a
Migrações
_l
por
245
1
0
_a
Migrações
300
_a
56
362
0
_a
1997
440
1
_a
Atual Editora
697
_a
MISCELÂNEA
942
_c
BK
999
_c
175295
_d
175295